| 000 | 00610nam a22001577a 4500 | ||
|---|---|---|---|
| 999 |
_c15842 _d15842 |
||
| 008 | 201215b ||||| |||| 00| 0 eng d | ||
| 020 | _a9715502466 | ||
| 082 |
_21997 _aDFil 338.7309599 _bL51 |
||
| 100 |
_aLee-Chua, Queena N. _942682 |
||
| 245 |
_aSuccessful family businesses: _bdynamics of five Filipino business families/ _cQueena N. Lee-Chua |
||
| 260 |
_aQuezon City: _bADMU Press, _c©1997. |
||
| 300 |
_a257 pages; _c23 cm. |
||
| 500 | _aIncludes appendices, bibliographical references and index. | ||
| 650 |
_aFamily - owned business enterprises - Philippines - Case studies. _942683 |
||
| 942 |
_2ddc _cDFIL |
||